Разработка составов и технологии получения корундовой бронекерамики с радиопоглощающим феррит-содержащим покрытием: автореферат диссертации на соискание ученой степени кандидата технических наук; спец. 05.17.11

Λεπτομέρειες βιβλιογραφικής εγγραφής
Κύριος συγγραφέας: Непочатов Ю. К. Юрий Кондратьевич
Συλλογικό Έργο: Сибирский государственный университет путей сообщения (СГУПС), Керамик Инжиниринг
Άλλοι συγγραφείς: Плетнев П. М. Петр Михайлович (научный руководитель)
Περίληψη:Заглавие с титульного экрана
Электронная версия печатной публикации
Γλώσσα:Ρωσικά
Έκδοση: Томск, 2014
Θέματα:
Διαθέσιμο Online:http://www.lib.tpu.ru/fulltext/a/2014/20.pdf
Μορφή: MixedMaterials Ηλεκτρονική πηγή Βιβλίο
KOHA link:https://koha.lib.tpu.ru/cgi-bin/koha/opac-detail.pl?biblionumber=266955

MARC

LEADER 00000nlm0a2200000 4500
001 266955
005 20231101234038.0
035 |a (RuTPU)RU\TPU\book\289975 
090 |a 266955 
100 |a 20140717d2014 k y0rusy50 ca 
101 0 |a rus 
102 |a RU 
105 |a a dm 001zy 
135 |a drcn ---uucaa 
181 0 |a i  
182 0 |a b 
200 1 |a Разработка составов и технологии получения корундовой бронекерамики с радиопоглощающим феррит-содержащим покрытием  |b Электронный ресурс  |e автореферат диссертации на соискание ученой степени кандидата технических наук  |e спец. 05.17.11  |f Ю. К. Непочатов  |g Сибирский государственный университет путей сообщения (СГУПС) ; Керамик Инжиниринг ; науч. рук. П. М. Плетнев 
203 |a Текст  |c электронный 
210 |a Томск  |d 2014 
215 |a 1 файл (945 Кb) 
230 |a Электронные текстовые данные (1 файл : 945 Кb) 
300 |a Заглавие с титульного экрана 
300 |a Электронная версия печатной публикации 
337 |a Adobe Reader 
452 1 |0 (RuTPU)RU\TPU\book\299094  |t Разработка составов и технологии получения корундовой бронекерамики с радиопоглощающим феррит-содержащим покрытием  |o автореферат диссертации на соискание ученой степени кандидата технических наук  |o спец. 05.17.11  |f Ю. К. Непочатов  |g Сибирский государственный университет путей сообщения (СГУПС) ; Керамик Инжиниринг ; науч. рук. П. М. Плетнев  |c Томск  |d 2014  |p 22 с.  |a Непочатов, Юрий Кондратович 
606 1 |a Бронекерамика  |2 stltpush  |3 (RuTPU)RU\TPU\subj\73607  |9 86517 
610 1 |a авторефераты диссертаций 
610 1 |a электронный ресурс 
610 1 |a бронезащитные материалы 
610 1 |a радиопоглощающие материалы 
610 1 |a виды 
610 1 |a свойства 
610 1 |a корундовая керамика 
610 1 |a исходное сырье 
610 1 |a спекание 
610 1 |a поглотители 
610 1 |a ферритовые наполнители 
610 1 |a корундовая бронекерамика 
610 1 |a технологии 
675 |a 666.3(04)  |v 3 
686 |a 05.17.11  |2 oksvnk 
700 1 |a Непочатов  |b Ю. К.  |g Юрий Кондратьевич 
702 1 |a Плетнев  |b П. М.  |g Петр Михайлович  |4 727 
712 0 2 |a Сибирский государственный университет путей сообщения (СГУПС)  |c (Новосибирск)  |2 stltpush  |3 (RuTPU)RU\TPU\col\140 
712 0 2 |a Керамик Инжиниринг  |c Общество с ограниченной ответственностью 
801 2 |a RU  |b 63413507  |c 20150603  |g RCR 
856 4 |u http://www.lib.tpu.ru/fulltext/a/2014/20.pdf 
942 |c CF